000 00435nam a22001337a 4500
999 _c519230
_d519230
008 220215b ||||| |||| 00| 0 eng d
100 _aTrivedi, Gajendra Nath
_932274
245 _aGandhi returns: The world after Covid-19 pandemic
260 _aIndian Journal of Public Administration
300 _a67(3), Sep, 2021: p.492-498
773 _aIndian Journal of Public Administration
906 _aCOVID-19 (DISEASE)
942 _cAR